<?xml version="1.0" encoding="UTF-8"?>
<record
    xmlns:xsi="http://www.w3.org/2001/XMLSchema-instance"
    xsi:schemaLocation="http://www.loc.gov/MARC21/slim http://www.loc.gov/standards/marcxml/schema/MARC21slim.xsd"
    xmlns="http://www.loc.gov/MARC21/slim">

  <leader>03205njm a2200517Ia 4500</leader>
  <controlfield tag="001">73858</controlfield>
  <controlfield tag="003">IT-RoPAU</controlfield>
  <controlfield tag="005">20220918181122.0</controlfield>
  <controlfield tag="008">131025s9999    xx            000 0 und d</controlfield>
  <datafield tag="040" ind1=" " ind2=" ">
    <subfield code="a">IT-RoPAU</subfield>
  </datafield>
  <datafield tag="040" ind1=" " ind2=" ">
    <subfield code="c">IT-RoPAU</subfield>
  </datafield>
  <datafield tag="041" ind1=" " ind2=" ">
    <subfield code="a">INGLESE</subfield>
  </datafield>
  <datafield tag="999" ind1=" " ind2=" ">
    <subfield code="c">99886</subfield>
    <subfield code="d">99886</subfield>
  </datafield>
  <datafield tag="999" ind1=" " ind2=" ">
    <subfield code="b">n.d.</subfield>
  </datafield>
  <datafield tag="100" ind1=" " ind2=" ">
    <subfield code="a">AA.VV.</subfield>
    <subfield code="9">794</subfield>
  </datafield>
  <datafield tag="100" ind1=" " ind2=" ">
    <subfield code="e">Autore musica</subfield>
    <subfield code="9">25260</subfield>
  </datafield>
  <datafield tag="100" ind1=" " ind2=" ">
    <subfield code="g">Codice autore musica SPICS: 12000</subfield>
    <subfield code="9">796</subfield>
  </datafield>
  <datafield tag="245" ind1=" " ind2=" ">
    <subfield code="a">Buster-Original Motion Picture Soundtrack (Lp Wea 2 55918-1)</subfield>
  </datafield>
  <datafield tag="250" ind1=" " ind2=" ">
    <subfield code="a">1a ed.</subfield>
  </datafield>
  <datafield tag="260" ind1=" " ind2=" ">
    <subfield code="a">MILANO</subfield>
  </datafield>
  <datafield tag="260" ind1=" " ind2=" ">
    <subfield code="b">WEA ITALIANA</subfield>
    <subfield code="c">1988 [1a Ed.:1988 - Ed. Lingua Orig.: 1988]</subfield>
  </datafield>
  <datafield tag="300" ind1=" " ind2=" ">
    <subfield code="a">DISCO</subfield>
  </datafield>
  <datafield tag="300" ind1=" " ind2=" ">
    <subfield code="c">50 minuti (Testo: 0 pag.)</subfield>
  </datafield>
  <datafield tag="500" ind1=" " ind2=" ">
    <subfield code="a">Colonna sonora originale del film "Buster"</subfield>
  </datafield>
  <datafield tag="505" ind1=" " ind2=" ">
    <subfield code="a">Two Hearts: Gardening By the Book (5:00) - Just One Look-... and I Love Her (5:00) - Big Noise (4:00) - The Robbery (8:00) - I Got You Babe (4:00) - Keep On Running Alone In Acapulco (4:00) - Loco In Acapulco (5:00) - How Do You Do It? (3:00) - I Just Don't Know What To Do With Myself-The Good Life (5:00) - Sweets For My Sweet (3:00) - Will You Still Be Waiting (2:00) - Groovy Kind of Love (4:00)</subfield>
  </datafield>
  <datafield tag="511" ind1=" " ind2=" ">
    <subfield code="a">The Hollies e the London Film Orchestra</subfield>
  </datafield>
  <datafield tag="511" ind1=" " ind2=" ">
    <subfield code="a">Sonny &amp; Cher Original Score diretta da Dudle Anne</subfield>
  </datafield>
  <datafield tag="511" ind1=" " ind2=" ">
    <subfield code="a">Spencer David Group - The London Film Orchestra</subfield>
  </datafield>
  <datafield tag="511" ind1=" " ind2=" ">
    <subfield code="a">Gerry and the Pacemaker</subfield>
  </datafield>
  <datafield tag="650" ind1=" " ind2=" ">
    <subfield code="a">COLONNA SONORA [DISCHI]</subfield>
    <subfield code="e">Codice MATERIA SPICS: 9950</subfield>
    <subfield code="9">25261</subfield>
  </datafield>
  <datafield tag="700" ind1=" " ind2=" ">
    <subfield code="a">Collins Phil</subfield>
    <subfield code="d">Codice autore musica SPICS: 11292</subfield>
    <subfield code="e">Autore musica</subfield>
    <subfield code="p">Two Hearts: Gardening By the Book - Big Noise - Loco In Acapulco</subfield>
    <subfield code="9">25262</subfield>
  </datafield>
  <datafield tag="700" ind1=" " ind2=" ">
    <subfield code="a">Dozier Lamont</subfield>
    <subfield code="d">Codice autore SPICS: 25672</subfield>
    <subfield code="e">Autore</subfield>
    <subfield code="p">Two Hearts: Gardening By the Book - Big Noise - Loco In Acapulco</subfield>
    <subfield code="9">25263</subfield>
  </datafield>
  <datafield tag="700" ind1=" " ind2=" ">
    <subfield code="a">Payne Doris</subfield>
    <subfield code="d">Codice autore musica SPICS: 25655</subfield>
    <subfield code="e">Autore musica</subfield>
    <subfield code="p">Just One Look-... and I Love Her</subfield>
    <subfield code="9">25264</subfield>
  </datafield>
  <datafield tag="700" ind1=" " ind2=" ">
    <subfield code="a">Carroll Gregory</subfield>
    <subfield code="d">Codice autore SPICS: 25673</subfield>
    <subfield code="e">Autore</subfield>
    <subfield code="p">Just One Look-... and I Love Her</subfield>
    <subfield code="9">25265</subfield>
  </datafield>
  <datafield tag="700" ind1=" " ind2=" ">
    <subfield code="a">Dudley Anne</subfield>
    <subfield code="d">Codice autore musica SPICS: 22489</subfield>
    <subfield code="e">Autore musica</subfield>
    <subfield code="p">The Robbery - Will You Still Be Waiting</subfield>
    <subfield code="9">25266</subfield>
  </datafield>
  <datafield tag="700" ind1=" " ind2=" ">
    <subfield code="a">Bono Sonny</subfield>
    <subfield code="d">Codice autore musica SPICS: 15581</subfield>
    <subfield code="e">Autore musica</subfield>
    <subfield code="p">I Got You Babe</subfield>
    <subfield code="9">25267</subfield>
  </datafield>
  <datafield tag="700" ind1=" " ind2=" ">
    <subfield code="a">Edwards Jackie</subfield>
    <subfield code="d">Codice autore musica SPICS: 25656</subfield>
    <subfield code="e">Autore musica</subfield>
    <subfield code="p">Keep On Running Alone In Acapulco</subfield>
    <subfield code="9">25268</subfield>
  </datafield>
  <datafield tag="700" ind1=" " ind2=" ">
    <subfield code="a">Murray Mich</subfield>
    <subfield code="d">Codice autore musica SPICS: 25657</subfield>
    <subfield code="e">Autore musica</subfield>
    <subfield code="p">How Do You Do It?</subfield>
    <subfield code="9">25269</subfield>
  </datafield>
  <datafield tag="700" ind1=" " ind2=" ">
    <subfield code="a">David Hal</subfield>
    <subfield code="d">Codice autore musica SPICS: 16108</subfield>
    <subfield code="e">Autore musica</subfield>
    <subfield code="p">I Just Don't Know What To Do With Myself-The Good Life</subfield>
    <subfield code="9">25270</subfield>
  </datafield>
  <datafield tag="700" ind1=" " ind2=" ">
    <subfield code="a">Bacharach Burt</subfield>
    <subfield code="d">Codice autore SPICS: 10740</subfield>
    <subfield code="e">Autore</subfield>
    <subfield code="p">I Just Don't Know What To Do With Myself-The Good Life</subfield>
    <subfield code="9">25271</subfield>
  </datafield>
  <datafield tag="700" ind1=" " ind2=" ">
    <subfield code="a">Pomus Doe</subfield>
    <subfield code="d">Codice autore musica SPICS: 20450</subfield>
    <subfield code="e">Autore musica</subfield>
    <subfield code="p">Sweets For My Sweet</subfield>
    <subfield code="9">25272</subfield>
  </datafield>
  <datafield tag="700" ind1=" " ind2=" ">
    <subfield code="a">Shuman Mort</subfield>
    <subfield code="d">Codice autore SPICS: 24590</subfield>
    <subfield code="e">Autore</subfield>
    <subfield code="p">Sweets For My Sweet</subfield>
    <subfield code="9">25273</subfield>
  </datafield>
  <datafield tag="700" ind1=" " ind2=" ">
    <subfield code="a">Wine Tony</subfield>
    <subfield code="d">Codice autore musica SPICS: 25658</subfield>
    <subfield code="e">Autore musica</subfield>
    <subfield code="p">Groovy Kind of Love</subfield>
    <subfield code="9">25274</subfield>
  </datafield>
  <datafield tag="700" ind1=" " ind2=" ">
    <subfield code="a">Bayer Sager Carole</subfield>
    <subfield code="d">Codice autore SPICS: 25674</subfield>
    <subfield code="e">Autore</subfield>
    <subfield code="p">Groovy Kind of Love</subfield>
    <subfield code="9">25275</subfield>
  </datafield>
  <datafield tag="700" ind1=" " ind2=" ">
    <subfield code="a">Sager </subfield>
    <subfield code="d">Codice autore testo/musica SPICS: 25680</subfield>
    <subfield code="e">Autore testo/musica</subfield>
    <subfield code="p">Groovy Kind of Love</subfield>
    <subfield code="9">25276</subfield>
  </datafield>
  <datafield tag="942" ind1=" " ind2=" ">
    <subfield code="c">MD</subfield>
    <subfield code="2">ddc</subfield>
  </datafield>
  <datafield tag="952" ind1=" " ind2=" ">
    <subfield code="0">0</subfield>
    <subfield code="1">0</subfield>
    <subfield code="4">0</subfield>
    <subfield code="6">73858_000000000000000</subfield>
    <subfield code="7">1</subfield>
    <subfield code="a">SPICS</subfield>
    <subfield code="b">SPICS</subfield>
    <subfield code="d">2013-10-25</subfield>
    <subfield code="l">0</subfield>
    <subfield code="o">73858</subfield>
    <subfield code="r">2013-10-25 00:00:00</subfield>
    <subfield code="w">2013-10-25</subfield>
    <subfield code="y">MD</subfield>
    <subfield code="z">Progr. Ins.: 17911 / N.Vol.: 1 / Copie: 1 - Copia rara: n.d. / date import: 01.01.2014 - By Epidotti, Trombetti, Vaglietti</subfield>
  </datafield>
</record>
